| 000 | 01078nam a2200229Ia 4500 | ||
|---|---|---|---|
| 001 | 18801 | ||
| 005 | 20260401152211.0 | ||
| 008 | 260306s9999||||xx |||||||||||||| ||und|| | ||
| 041 | _aESP | ||
| 082 |
_a658.5 _bJ13A |
||
| 100 |
_aJacobs, F. Robert, _eAUT |
||
| 245 | 0 |
_aAdministración de operaciones : _bproducción y cadena de suministros |
|
| 260 | _c2022 | ||
| 300 |
_a726 páginas : _c27 cm. |
||
| 650 | _aGEN | ||
| 654 | _aCAN | ||
| 856 |
_uhttps://0u213uy20-y-https-ebooks7--24-com.itmsp.museknowledge.com/?il=20757&pg=s9ml/chapter01/half_title.xhtml#data-uuid-fbc2496bcdb94298b97962f01daaede1 _zVersión digital |
||
| 856 |
_uhttps://0u213uy2j-y-https-ebooks7--24-com.itmsp.museknowledge.com/biblioteca.aspx _zVéase además: Base de datos Ebook7-24 |
||
| 856 |
_uhttps://0u20fuy2s-y-https-research-ebsco-com.itmsp.museknowledge.com/c/qxo6us/search _zVéase además: Base de datos EBSCOhost |
||
| 856 |
_uhttps://0u21duy37-y-https-ebooks-editorialmacro-com.itmsp.museknowledge.com/library _zVéase además: Base de datos Macro Digital |
||
| 942 |
_cLIB _dJUS _fJUS _2ddc |
||
| 999 |
_c18801 _d18801 |
||